| 000 | 00490nam a2200193Ia 4500 | ||
|---|---|---|---|
| 008 | 210423s2008 xx 000 0 und d | ||
| 020 | _a1000978620 | ||
| 041 | _aeng | ||
| 082 | _a339.3 DWID | ||
| 100 | _aDWIVEDI (D N) | ||
| 245 | _aMacroeconomics: theory and policy | ||
| 250 | _a2 | ||
| 260 |
_aNew Delhi _bTata McGrawhill _c2008 |
||
| 300 |
_axv,603 _bPB |
||
| 365 |
_b210 _cINR |
||
| 650 | _aEconomics | ||
| 650 | _aMacroeconomics | ||
| 906 | _aMacroeconomics: ; policy ; theory | ||
| 999 |
_c156473 _d156473 |
||